000
00271pam a2200121 a 4500
020
_c
041
_a
eng
100
_a
Crowthwr.J.G.
245
_a
An Ouline Of The universe
_h
Textual Documents
260
_a
New York
_b
Penguin Books Ltd
300
_a
182p.
930
_a
15305
999
_c
92205
_d
92205